Loading...
| Social Science | 2 | 9 | 3 | 3 | 105 | 62 | 105.73 | 5 | 11 | 0.00 | 0.00 |
| Literature - American | 0 | 7 | 0 | 2 | 70 | 111 | 129.86 | 2 | 7 | 0.00 | 0.00 |
| Literature - British | 1 | 5 | 0 | 1 | 65 | 72 | 133.50 | 1 | 6 | 0.00 | 0.00 |
| History - American | 0 | 6 | 1 | 1 | 55 | 92 | 116.17 | 2 | 6 | 0.00 | 0.00 |
| Philosophy | 0 | 5 | 0 | 0 | 50 | 109 | 126.60 | 1 | 5 | 0.00 | 0.00 |
| Literature - European | 1 | 3 | 0 | 0 | 45 | 79 | 123.00 | 2 | 4 | 0.00 | 0.00 |
| History - European | 1 | 4 | 2 | 2 | 45 | 42 | 103.80 | 1 | 5 | 0.00 | 0.00 |
| Religion | 1 | 3 | 0 | 1 | 45 | 75 | 119.75 | 1 | 4 | 0.00 | 0.00 |
| Science - Physics | 0 | 4 | 0 | 0 | 40 | 113 | 126.00 | 1 | 4 | 0.00 | 0.00 |
| Geography | 1 | 3 | 1 | 1 | 40 | 68 | 113.75 | 1 | 4 | 0.00 | 0.00 |
| History - World | 1 | 3 | 1 | 0 | 40 | 61 | 106.50 | 0 | 4 | 0.00 | 0.00 |
| Science - Other | 0 | 4 | 0 | 0 | 40 | 94 | 109.00 | 2 | 4 | 0.00 | 0.00 |
| Science - Chemistry | 0 | 4 | 1 | 0 | 35 | 130 | 137.50 | 0 | 4 | 0.00 | 0.00 |
| Fine Arts - Other | 0 | 4 | 1 | 1 | 35 | 106 | 136.25 | 1 | 4 | 0.00 | 0.00 |
| Other Academic | 0 | 3 | 0 | 1 | 30 | 102 | 114.00 | 0 | 3 | 0.00 | 0.00 |
| Literature - World | 0 | 3 | 1 | 0 | 25 | 132 | 140.00 | 0 | 3 | 0.00 | 0.00 |
| Mythology | 0 | 2 | 0 | 1 | 20 | 91 | 119.00 | 1 | 2 | 0.00 | 0.00 |
| Science - Biology | 0 | 2 | 1 | 1 | 15 | 133 | 134.00 | 2 | 2 | 0.00 | 0.00 |
| Fine Arts - Visual | 0 | 1 | 0 | 0 | 10 | 99 | 99.00 | 0 | 1 | 0.00 | 0.00 |
| Current Events | 0 | 1 | 1 | 0 | 5 | 133 | 133.00 | 0 | 1 | 0.00 | 0.00 |
| History - Ancient/Other | 0 | 1 | 2 | 1 | 0 | 153 | 153.00 | 0 | 1 | 0.00 | 0.00 |